Southville International School and Colleges
Your cart is empty.
  • Cart
  • Lists
    Public lists Eva Luna New books Lux_list list_1
    Your lists Log in to create your own lists
  • Log in to your account
  • Your cookies
  • Search history
Southville International School and Colleges
  • Advanced search
  • Recent comments
  • Most popular
  • Libraries

Log in to your account

Log in with GOOGLE


If you do not have an external account, but do have a local account, you can still log in:

  1. Home
  2. MARC view: Field & stream the wild chef /
Normal view MARC view ISBD view

Field & stream the wild chef / (Record no. 48304)

[ view plain ]
MARC details
000 -LEADER
fixed length control field 00497nam a2200181Ia 4500
008 - FIXED-LENGTH DATA ELEMENTS--GENERAL INFORMATION
fixed length control field 140321s9999 xx 000 0 und d
020 ## - INTERNATIONAL STANDARD BOOK NUMBER
International Standard Book Number 9781616285470
050 ## - LIBRARY OF CONGRESS CALL NUMBER
Classification number TX 823
Item number .M643 2013
100 ## - MAIN ENTRY--PERSONAL NAME
Personal name Miles, Jonathan
245 ## - TITLE STATEMENT
Title Field & stream the wild chef /
Statement of responsibility, etc Jonathan Miles.
260 ## - PUBLICATION, DISTRIBUTION, ETC. (IMPRINT)
Place of publication, distribution, etc California :
Name of publisher, distributor, etc Weldonowen,
Date of publication, distribution, etc c2013.
300 ## - PHYSICAL DESCRIPTION
Extent 219 p. :
Other physical details col. ill. ;
Dimensions 26 cm.
500 ## - GENERAL NOTE
General note Includes index.
521 ## - TARGET AUDIENCE NOTE
Target audience note
650 ## - SUBJECT ADDED ENTRY--TOPICAL TERM
Topical term or geographic name as entry element Outdoor cooking.
942 ## - ADDED ENTRY ELEMENTS (KOHA)
Call number prefix Foreign
Koha item type Books
Holdings
Withdrawn status Lost status Damaged status Home library Current library Shelving location Date acquired Total Checkouts Full call number Barcode Date last seen Price effective from Koha item type
      College Library College Library Reserve Section 03/21/2014   TX 823 .M643 2013 C17587 05/15/2018 03/21/2014 Books

Field & stream the wild chef /

APA

Miles J., . (2013). Field & stream the wild chef. California: Weldonowen.

Chicago

Miles Jonathan, . 2013. Field & stream the wild chef. California: Weldonowen.

Harvard

Miles J., . (2013). Field & stream the wild chef. California: Weldonowen.

MLA

Miles Jonathan, . Field & stream the wild chef. California: Weldonowen. 2013.

  • Place hold
  • Print
  • Cite
  • Add to your cart (remove)
  • Save record
    BIBTEX Dublin Core MARCXML MARC (non-Unicode/MARC-8) MARC (Unicode/UTF-8) MARC (Unicode/UTF-8, Standard) MODS (XML) RIS
  • More searches
    Search for this title in:
    Other Libraries (WorldCat) Other Databases (Google Scholar) Online Stores (Bookfinder.com) Open Library (openlibrary.org)

Exporting to Dublin Core...

SOUTHVILLE LIBRARY

Southville International School and Colleges Library

1281 Tropical Ave. Cor. Luxembourg St., BF Homes International, Las Pinas City

Tel. No. 8256374 / 252358 Loc. 117/146

Powered by Koha